Discriminacin̤ y carga de la prueba en el proceso civil

Bibliographic Details
Main Author: Ormazb̀al Sǹchez, Guillermo
Format: eBook
Language:Spanish
Published: Madrid: Marcial Pons, 2011
Subjects:
Online Access:Acceso restringido

MARC

LEADER 00000nam a22000007a 4500
005 20180304220723.0
007 cr|||| ||||
008 180304s2011 es |||||s|||| 00||0 spa d
020 |a 978-84-9123-337-4 
035 |a 21035 
040 |a vLex 
090 |c 7438  |d 7438 
100 1 |a Ormazb̀al Sǹchez, Guillermo 
245 1 0 |a Discriminacin̤ y carga de la prueba en el proceso civil  |h [Recurso electrn̤ico] /  |c Guillermo Ormazb̀al Sǹchez 
256 |a Servicio en ln̕ea 
260 |a Madrid:  |b Marcial Pons,  |c 2011 
300 |a 1 recurso electrn̤ico 
500 |a La legislacin̤, tanto europea como espaǫla, ha introducido en los l︢timos aǫs ml︢tiples preceptos dirigidos a facilitar la carga de la prueba a quienes afirman haber sido discriminados por otro particular en el m̀bito de las relaciones jurd̕ico-privadas. Tales preceptos, sin embargo, no aclaran con precisin̤ en qu ̌consisten las facilidades probatorias introducidas por el legislador y, en particular, si se trata o no de una verdadera inversin̤ de la carga de la prueba. En efecto, hay que interrogarse hasta qu ̌punto resulta jurd̕icamente sostenible y socialmente razonable gravar a los demandados con la carga de acreditar que no han causado la discriminacin̤ afirmada por el actor. El presente trabajo analiza dicha cuestin̤ probatoria en tres fases. En primer lugar, se da cuenta de la jurisprudencia desarrollada por los tribunales norteamericanos en materia de distribucin̤ de la carga de la prueba, principal fuente de inspiracin̤ de la legislacin̤ europea en la materia. Seguidamente, la atencin̤ se centra en el estudio de los preceptos probatorios contenidos en las directivas antidiscriminatorias europeas. Y, finalmente, se acomete el anl̀isis de la profusa legislacin̤ espaǫla en la materia y se formulan una serie de consideraciones conclusivas. La presente obra es la primera monografa̕ sobre Derecho espaǫl en la que se trata de modo extenso sobre la carga de la prueba en materia de discriminacin̤ entre particulares fuera del m̀bito laboral, sin descuidar el anl̀isis de las disposiciones en la materia contenidas en el reciente Anteproyecto de Ley Integral de Igualdad de Trato 
506 1 |a Disponible solo en los productos indicados  |d vLex Global  |d vLex Global (Academic Edition, excluding Law Schools)  |d vLex Global (U.S. Academic Edition, Law Schools)  |d vLex Global (U.S. Academic Edition, excluding Law Schools)  |d vLex Global (Academic Edition, Law Schools) 
650 0 4 |a Derecho Procesal  |z Espaą 
650 0 4 |a Procedimiento Civil  |z Espaą 
740 0 |a vLex Libros (Servicio en ln̕ea) 
856 4 0 |u http://vlex.com/source/discriminacion-y-carga-de-la-prueba-en-el-proceso-civil-21035  |z Acceso restringido 
942 |c BOOK 
999 0 |a Procedural Law 
999 0 |a Civil Procedure